[Event "AUT9798"]
[Site "Klagenfurt"]
[Date "1997.??.??"]
[Round "?"]
[White "Lukacs, P."]
[Black "Grosar, A."]
[Result "1-0"]
[WhiteElo "2520"]
[BlackElo "2455"]
[PlyCount "109"]
[EventDate "1997.10.12"]

1. d4 Nf6 2. c4 e6 3. Nf3 b6 4. e3 Bb7 5. Bd3 d5 6. O-O Bd6 7. Nc3 O-O 8. b3
Nbd7 9. Bb2 c5 10. cxd5 exd5 11. Rc1 Qe7 12. Qe2 Rad8 13. Rfd1 Ne4 14. Ba6 Ba8
15. Qc2 Ndf6 16. h3 Nxc3 17. Bxc3 Ne4 18. Bb2 f5 19. Re1 f4 20. Rcd1 fxe3 21.
Rxe3 Rf7 22. Bd3 cxd4 23. Bxd4 Rdf8 24. Qb2 Bb7 25. Rde1 Bb8 {} 26. Rxe4 dxe4
27. Bc4 Kh8 28. Bxf7 Qxf7 29. Ne5 Qe7 30. Ng4 h5 31. Ne3 Qc7 32. Nf1 Rf7 33.
Qe2 Rf5 34. Ng3 Ra5 35. a4 h4 36. Nf1 Qf4 37. b4 Rf5 38. Be3 Qe5 39. Qg4 Rf8
40. Qxh4+ Kg8 41. Rd1 Qe6 42. Ng3 Bxg3 43. Qxg3 Bd5 44. Bd4 Rf7 45. Rc1 Bb3 46.
Qb8+ Rf8 47. Qxa7 Rf7 48. Qb8+ Rf8 49. Qb7 Rf7 50. Rc8+ Kh7 51. Qb8 Kg6 52.
Qg3+ Kh7 53. Qh4+ Kg6 54. Rh8 Bd1 55. g4 1-0

[Event "AUT9798"]
[Site "Klagenfurt"]
[Date "1997.??.??"]
[Round "?"]
[White "Schroll, G."]
[Black "Fahrner, K."]
[Result "1-0"]
[WhiteElo "2405"]
[BlackElo "2325"]
[PlyCount "61"]
[EventDate "1997.10.12"]

1. c4 f5 2. Nc3 Nf6 3. g3 d6 4. Bg2 c6 5. d3 g6 6. e4 Bg7 7. Nge2 O-O 8. h3 e5
9. Be3 Na6 10. Qd2 Nc5 11. f4 exf4 12. gxf4 fxe4 13. dxe4 Qe7 14. Ng3 Nh5 15.
Nxh5 Qh4+ 16. Kd1 Qxh5+ 17. Kc2 Re8 18. Qd1 Qh4 19. Qxd6 Qg3 20. Qd2 Nxe4 21.
Bxe4 Bxc3 22. bxc3 Rxe4 23. Qd8+ Kf7 24. Bd4 Bf5 {} 25. Qf6+ Ke8 26. Kb3 c5
27. Bxc5 b5 28. Qf8+ Kd7 29. Rad1+ Kc7 30. Qd6+ Kc8 31. Qc6+ 1-0

[Event "AUT9798"]
[Site "Klagenfurt"]
[Date "1997.??.??"]
[Round "?"]
[White "Ebner, H."]
[Black "Neulinger, M."]
[Result "1/2-1/2"]
[WhiteElo "2295"]
[BlackElo "2310"]
[PlyCount "87"]
[EventDate "1997.10.12"]

1. d4 f5 2. g3 Nf6 3. Bg2 g6 4. c4 Bg7 5. Nc3 Nc6 6. Nh3 d6 7. d5 Ne5 8. O-O
O-O 9. b3 Nh5 10. Qc2 a6 11. a4 h6 12. Bd2 Rb8 13. Rae1 Kh7 14. f4 Ng4 15. e4
e5 16. dxe6 Bxe6 17. Nf2 Bd4 18. Ncd1 Nxf2 19. Nxf2 Ng7 20. Bc3 Qf6 21. Rc1
fxe4 22. Bxd4 Qxd4 23. Qxe4 Qb6 24. Qd3 Bf5 25. Qc3 a5 26. Rfe1 Rbe8 27. Kf1 h5
28. Ne4 Bxe4 29. Bxe4 Re6 30. Re2 c6 31. Rce1 Rff6 32. Kg2 Qc5 33. Qd3 Kh6 34.
Qd2 Kh7 35. Qd3 Kg8 36. Qd2 Kf7 37. Qd3 Kg8 38. Qd2 Kf8 39. Qd3 Kf7 40. Qd2 Kg8
41. h3 Nf5 42. Bxf5 Qxf5 43. Re3 Kg7 44. R1e2 1/2-1/2

[Event "AUT9798"]
[Site "Klagenfurt"]
[Date "1997.??.??"]
[Round "?"]
[White "Wiedner, R."]
[Black "Loebler, H."]
[Result "0-1"]
[WhiteElo "2230"]
[BlackElo "2255"]
[PlyCount "88"]
[EventDate "1997.10.12"]

1. c4 g6 2. g3 Bg7 3. Nf3 d6 4. Bg2 Nf6 5. Nc3 O-O 6. O-O Nc6 7. d4 Rb8 8. b3
a6 9. Bd2 b5 10. d5 Na5 11. Nxb5 Nxc4 12. Nc3 Nxd2 13. Qxd2 e5 14. Rac1 h6 15.
Qe3 Bb7 16. Nd2 Ng4 17. Qf3 f5 18. e4 Bc8 19. Nc4 f4 20. Na5 Qe8 21. Ne2 Rf7
22. Nc6 Ra8 23. h3 Nf6 24. gxf4 exf4 25. Qxf4 Nxd5 26. Qd2 Nb6 27. Nf4 g5 28.
Nh5 Bd7 29. Nxg7 Rxg7 30. Nd4 Rc8 31. Rc3 Qe5 32. Rfc1 Be6 33. Qe3 c5 34. Ne2
Rf8 35. R3c2 Nc8 36. Ng3 Ne7 37. Rd1 Nc6 38. Rcd2 Nd4 39. Ne2 g4 40. h4 Nf3+
41. Bxf3 gxf3+ 42. Ng3 {} 42... Qh5 43. Kf1 Qxh4 44. Ke1 Qh1+ 0-1

[Event "AUT9798"]
[Site "Klagenfurt"]
[Date "1997.??.??"]
[Round "?"]
[White "Spindelboeck, G."]
[Black "Stoppel, F."]
[Result "1-0"]
[WhiteElo "2200"]
[BlackElo "2185"]
[PlyCount "101"]
[EventDate "1997.10.12"]

1. d4 Nf6 2. c4 g6 3. Nf3 Bg7 4. g3 O-O 5. Bg2 c6 6. O-O d5 7. cxd5 cxd5 8. Ne5
e6 9. Nc3 Nfd7 10. Nxd7 Bxd7 11. e4 dxe4 12. Nxe4 Bc6 13. Be3 Bd5 14. Qd2 Nc6
15. Rfd1 Qa5 16. Qxa5 Nxa5 17. Rac1 h6 18. Rc7 Rac8 19. Rdc1 Nc4 20. Rxc8 Rxc8
21. b3 Nb6 22. Nd6 Rxc1+ 23. Bxc1 Bxd4 24. Bxh6 Bxg2 25. Kxg2 Nd5 26. Nxb7 Nb4
27. a4 Nd3 28. Be3 Bxe3 29. fxe3 Kf8 30. Kf3 f5 31. e4 Ke7 32. exf5 exf5 33.
Ke3 Ne5 34. h3 Nc6 35. Kd3 g5 36. Kc4 f4 37. gxf4 gxf4 38. Kd3 Kf6 39. Ke4 f3
40. Ke3 Kg5 41. Kxf3 Nd4+ 42. Ke4 Nxb3 43. Kd3 Kh4 44. Kc4 Nd2+ 45. Kb5 Ne4 46.
Ka6 Nc3 {} 47. a5 Nd5 48. Kxa7 Kxh3 49. Nd8 Nc7 50. Kb6 Nd5+ 51. Kb7 1-0

[Event "AUT9798"]
[Site "Klagenfurt"]
[Date "1997.??.??"]
[Round "?"]
[White "Schlosser, M."]
[Black "Duer, A."]
[Result "1/2-1/2"]
[WhiteElo "2350"]
[BlackElo "2405"]
[PlyCount "28"]
[EventDate "1997.10.12"]

1. e4 e6 2. d4 d5 3. Nc3 Nf6 4. e5 Nfd7 5. f4 c5 6. Nf3 Nc6 7. Be3 a6 8. Qd2 b5
9. Ne2 b4 10. h4 Be7 11. h5 O-O 12. g4 f6 13. Bg2 fxe5 14. dxe5 Nb6 1/2-1/2

[Event "AUT9798"]
[Site "Klagenfurt"]
[Date "1997.??.??"]
[Round "?"]
[White "Gerhold, M."]
[Black "Frosch, E."]
[Result "1/2-1/2"]
[WhiteElo "2270"]
[BlackElo "2310"]
[PlyCount "35"]
[EventDate "1997.10.12"]

1. e4 e5 2. Nf3 Nc6 3. Bc4 Be7 4. O-O Nf6 5. d3 O-O 6. Re1 d6 7. a4 Bg4 8. Nbd2
Qd7 9. h3 Bh5 10. a5 Nd4 11. c3 Nxf3+ 12. Nxf3 c6 13. Bg5 Qc7 14. g4 Bg6 15.
Nh4 Nd5 16. Bxe7 Nxe7 17. Qf3 Kh8 18. Nf5 1/2-1/2

[Event "AUT9798"]
[Site "Klagenfurt"]
[Date "1997.??.??"]
[Round "?"]
[White "Kotz, H."]
[Black "Pilz, D."]
[Result "1/2-1/2"]
[WhiteElo "2275"]
[BlackElo "2250"]
[PlyCount "36"]
[EventDate "1997.10.12"]

1. e4 c5 2. Nf3 e6 3. d4 cxd4 4. Nxd4 a6 5. Bd3 Qc7 6. O-O Nf6 7. Re1 h5 8. h3
Bc5 9. Nb3 Bb4 10. Bd2 Bd6 11. Na3 Nc6 12. Nc4 Bh2+ 13. Kf1 b5 14. Ne3 Ne5 15.
Nd4 Bb7 16. Nf3 Nxf3 17. Qxf3 Be5 18. a4 Bxb2 1/2-1/2

[Event "AUT9798"]
[Site "Klagenfurt"]
[Date "1997.??.??"]
[Round "?"]
[White "Nielsen, P."]
[Black "Moser, G."]
[Result "1-0"]
[WhiteElo "2515"]
[BlackElo "2355"]
[PlyCount "59"]
[EventDate "1997.10.12"]

1. d4 f5 2. g3 Nf6 3. Bg2 g6 4. Nf3 Bg7 5. O-O O-O 6. c4 d6 7. Nc3 Nc6 8. d5
Ne5 9. Nxe5 dxe5 10. e4 f4 11. b4 e6 12. Bb2 g5 13. Rc1 a6 14. Na4 Ne8 15. dxe6
Bxe6 16. Nc5 Qxd1 17. Rfxd1 Bc8 18. Nd7 Bxd7 19. Rxd7 g4 20. c5 b5 21. Rcd1 f3
22. Bf1 c6 23. Bd3 Rc8 24. Bc2 Kh8 25. Re7 Bf6 {} 26. Bxe5 Bxe5 27. Rxe5 Nf6
28. Rf5 Kg7 29. Rd6 Ne8 30. Rd7+ 1-0

[Event "AUT9798"]
[Site "Klagenfurt"]
[Date "1997.??.??"]
[Round "?"]
[White "Baumegger, S."]
[Black "Roth, P."]
[Result "1/2-1/2"]
[WhiteElo "2485"]
[BlackElo "2285"]
[PlyCount "82"]
[EventDate "1997.10.12"]

1. e4 e6 2. d3 d5 3. Nd2 Nf6 4. Ngf3 Nc6 5. c3 a5 6. e5 Nd7 7. d4 f5 8. Bd3 Be7
9. Nf1 Na7 10. Ng3 c5 11. Nh5 g6 12. Nf4 Nf8 13. O-O cxd4 14. Nxd4 Nc6 15. Re1
Nxd4 16. cxd4 Qb6 17. Ne2 h5 18. Rb1 Kf7 19. Be3 Bd7 20. Nc3 Nh7 21. f3 Bc6 22.
Na4 Qd8 23. Rc1 h4 24. h3 Rc8 25. Nc5 b6 26. Na4 b5 27. Nc5 Nf8 28. Qe2 Qb6 29.
Rc2 Nd7 30. Nxd7 Bxd7 31. Rec1 b4 32. b3 Rxc2 33. Rxc2 Rc8 34. Rxc8 Bxc8 35.
Bf2 Bd7 36. Qd2 Qd8 37. Qh6 Qf8 38. Qc1 Qc8 39. Qh6 Qf8 40. Qc1 Qc8 41. Qe1 Qd8
1/2-1/2

[Event "AUT9798"]
[Site "Klagenfurt"]
[Date "1997.??.??"]
[Round "?"]
[White "Klug, R."]
[Black "Ivancsics, M."]
[Result "1/2-1/2"]
[WhiteElo "2165"]
[BlackElo "2235"]
[PlyCount "93"]
[EventDate "1997.10.12"]

1. e4 g6 2. d4 Bg7 3. Nc3 c6 4. Be3 d5 5. h3 dxe4 6. Nxe4 Nd7 7. Bc4 Ngf6 8.
Nxf6+ Nxf6 9. Nf3 O-O 10. O-O Nd5 11. Bg5 Be6 12. Bb3 Nc7 13. Re1 Re8 14. c3
Bd5 15. Bf4 Ne6 16. Be5 Qb6 17. Bxg7 Kxg7 18. Ne5 Bxb3 19. axb3 Nf8 20. b4 e6
21. Qd2 Qd8 22. Ng4 Nd7 23. Qh6+ Kg8 24. Qf4 Qe7 25. Re3 h5 26. Ne5 Nxe5 27.
Rxe5 Kg7 28. Rae1 Rad8 29. Ra1 a6 30. Rae1 Rd5 31. Rxd5 cxd5 32. Ra1 e5 33.
Qxe5+ Qxe5 34. dxe5 {} 34... Rxe5 35. Kf1 d4 36. cxd4 Rb5 37. Rd1 Kf6 38. Ke2
Ke6 39. Kd3 Rxb4 40. Re1+ Kd6 41. Kc3 Rb5 42. Re2 Rg5 43. f3 h4 44. Kd3 Rb5 45.
Kc3 Rg5 46. Kd3 Rb5 47. Kc3 1/2-1/2

[Event "AUT9798"]
[Site "Klagenfurt"]
[Date "1997.??.??"]
[Round "?"]
[White "Atlas, V."]
[Black "Weinzettl, E."]
[Result "1-0"]
[WhiteElo "2455"]
[BlackElo "2410"]
[PlyCount "71"]
[EventDate "1997.10.12"]

1. e4 e6 2. d4 d5 3. Nc3 Bb4 4. e5 c5 5. a3 Bxc3+ 6. bxc3 Nc6 7. Qg4 g6 8. a4
Qc7 9. Bd2 f6 10. Nf3 fxe5 11. Nxe5 Nf6 12. Qf4 O-O 13. Nxc6 Qxc6 14. Bb5 Qb6
15. dxc5 Qxc5 16. Qd4 Qxd4 17. cxd4 Ne4 18. f3 Nd6 19. Bd3 Nf5 20. c3 Bd7 21.
O-O Rac8 22. Rfb1 Nd6 23. h4 Bc6 24. Be1 Rfe8 25. Bg3 Nc4 26. Kf2 Na5 27. h5
gxh5 28. Rh1 Bd7 29. Rxh5 Rxc3 30. Bxh7+ Kf7 31. Rg5 Ke7 32. Rg7+ Kd8 33. Bg6
Rh8 34. Be5 Rf8 35. Bd6 Nb3 36. Rh1 1-0

[Event "AUT9798"]
[Site "Klagenfurt"]
[Date "1997.??.??"]
[Round "?"]
[White "Topakian, R."]
[Black "Schneider-Zinner, H."]
[Result "0-1"]
[WhiteElo "2340"]
[BlackElo "2265"]
[PlyCount "104"]
[EventDate "1997.10.12"]

1. Nf3 Nf6 2. g3 d5 3. Bg2 Bg4 4. c4 e6 5. Ne5 Bf5 6. Qb3 Qc8 7. cxd5 exd5 8.
Nc3 c6 9. e4 Bd6 10. Nxc6 dxe4 11. Nd4 Bg6 12. Ndb5 Bc5 13. d4 Be7 14. Bf4 O-O
15. O-O Nc6 16. d5 Na5 17. Qa4 Nc4 18. Nc7 Nxb2 19. Qb3 Nd3 20. Nxa8 Nxf4 21.
gxf4 Bd6 22. Nb5 Bxf4 23. Nac7 a6 24. d6 {} 24... axb5 25. Nxb5 Ng4 26. Bh3
Bf5 27. Rad1 Ne5 28. d7 Bxd7 29. Bxd7 Nxd7 30. Qh3 f5 31. Qb3+ Kh8 32. Qe6 Qd8
33. Rfe1 Qg5+ 34. Kf1 Nc5 35. Qb6 Nd3 36. Nd6 Qf6 37. Nc4 Qxb6 38. Nxb6 Nxe1
39. Kxe1 Bxh2 40. Rd7 Rb8 41. Nc4 h5 42. Ne3 Rf8 43. Rxb7 h4 44. Rb5 g6 45. Ng2
h3 46. Nh4 Kg7 47. Rb3 Be5 48. Rxh3 Rh8 49. a4 Bf6 50. a5 Bxh4 51. Ke2 Be7 52.
Rb3 Ra8 0-1

[Event "AUT9798"]
[Site "Klagenfurt"]
[Date "1997.??.??"]
[Round "?"]
[White "Stuhlik, M."]
[Black "Feistenauer, F."]
[Result "1/2-1/2"]
[WhiteElo "2225"]
[BlackElo "2315"]
[PlyCount "38"]
[EventDate "1997.10.12"]

1. Nf3 Nc6 2. g3 e5 3. d3 g6 4. c4 Bg7 5. Nc3 d6 6. Bg5 f6 7. Bd2 f5 8. Bg2 Nf6
9. O-O O-O 10. Qc1 Bd7 11. Nd5 Rb8 12. Rb1 Ne7 13. Nxf6+ Bxf6 14. Bh6 Bg7 15.
b4 f4 16. Bxg7 Kxg7 17. d4 fxg3 18. hxg3 exd4 19. Nxd4 Nf5 1/2-1/2

[Event "AUT9798"]
[Site "Klagenfurt"]
[Date "1997.??.??"]
[Round "?"]
[White "Gaertner, G."]
[Black "Hadjieff, D."]
[Result "1/2-1/2"]
[WhiteElo "2340"]
[BlackElo "2215"]
[PlyCount "112"]
[EventDate "1997.10.12"]

1. d4 g6 2. c4 Bg7 3. Nc3 d6 4. e4 Na6 5. Be3 Nh6 6. h3 f6 7. Qd2 Nf7 8. Bd3 e5
9. Nge2 c6 10. O-O Nc7 11. Rad1 O-O 12. Bc2 Qe7 13. b4 Kh8 14. d5 cxd5 15. cxd5
Bd7 16. Rc1 Rfc8 17. Ba4 b5 18. Bc2 Qe8 19. Bd3 a6 20. Rc2 Rab8 21. Rfc1 Na8
22. Nd1 Rxc2 23. Rxc2 f5 24. f3 f4 25. Ba7 Rb7 26. Bf2 Bf6 27. a4 g5 28. axb5
axb5 29. Nec3 h5 30. Be2 Nh6 31. Qe1 Bd8 32. Ra2 g4 {} 33. Rxa8 g3 34. Qf1
gxf2+ 35. Nxf2 Nf7 36. Qa1 Rc7 37. Ncd1 Kh7 38. Ra7 Rc8 39. Qa6 Rb8 40. Qa1 Bb6
41. Ra6 Bd4 42. Qa5 Rc8 43. Kf1 Kg7 44. Ke1 Kf8 45. Kd2 Ke7 46. Nd3 Qg8 47. Ne1
Qg3 48. Qa3 Ng5 49. Ra8 Be3+ 50. Nxe3 fxe3+ 51. Kd1 Qf2 52. Rxc8 Bxc8 53. Qa8
Bd7 54. Qh8 h4 55. Qg7+ Nf7 56. Qg8 Be8 1/2-1/2

[Event "AUT9798"]
[Site "Klagenfurt"]
[Date "1997.??.??"]
[Round "?"]
[White "Chernin, A."]
[Black "Hoelzl, F."]
[Result "1-0"]
[WhiteElo "2640"]
[BlackElo "2440"]
[PlyCount "53"]
[EventDate "1997.10.12"]

1. d4 Nf6 2. c4 e6 3. Nf3 d5 4. Nc3 dxc4 5. e4 Bb4 6. Bg5 c5 7. Bxc4 cxd4 8.
Nxd4 Bxc3+ 9. bxc3 Qa5 10. Bb5+ Nbd7 11. Bxf6 Qxc3+ 12. Kf1 gxf6 13. h4 a6 14.
Rh3 Qb4 15. Be2 Qd6 16. Qa4 O-O 17. Rd1 Qe7 18. Qc2 Ne5 19. Qc1 Kh8 20. Qh6 Rg8
21. Rc3 Bd7 22. Rc7 Rg6 23. Qc1 f5 {} 24. Nf3 Nxf3 25. Rdxd7 Qxh4 26. Bxf3
fxe4 27. g3 1-0

[Event "AUT9798"]
[Site "Klagenfurt"]
[Date "1997.??.??"]
[Round "?"]
[White "Horvath, C."]
[Black "Kindermann, S."]
[Result "1/2-1/2"]
[WhiteElo "2530"]
[BlackElo "2570"]
[PlyCount "53"]
[EventDate "1997.10.12"]

1. d4 Nf6 2. c4 g6 3. Nc3 Bg7 4. e4 d6 5. Be2 O-O 6. Bg5 Na6 7. Qd2 e5 8. d5
Qe8 9. f3 Nh5 10. Bd3 f5 11. Nge2 Bd7 12. exf5 gxf5 13. O-O Nc5 14. Bc2 a5 15.
Rae1 f4 16. g4 fxg3 17. hxg3 Nf6 18. Kg2 Qc8 19. Rh1 Bf5 20. Rh4 Qd7 21. Be3
Rf7 22. Bxc5 dxc5 23. g4 Bxc2 24. Qxc2 e4 25. Ng1 Raf8 26. g5 Qf5 27. Nxe4
1/2-1/2

[Event "AUT9798"]
[Site "Klagenfurt"]
[Date "1997.??.??"]
[Round "?"]
[White "Steflitsch, E."]
[Black "Felsberger, A."]
[Result "0-1"]
[WhiteElo "2305"]
[BlackElo "2375"]
[PlyCount "98"]
[EventDate "1997.10.12"]

1. d4 Nf6 2. c4 e6 3. g3 Bb4+ 4. Nd2 c5 5. dxc5 Bxc5 6. Bg2 Nc6 7. Ngf3 O-O 8.
O-O b6 9. Nb3 Be7 10. Bf4 Ba6 11. Rc1 Rc8 12. Bd6 Bxd6 13. Qxd6 Qe7 14. Rfd1
Qxd6 15. Rxd6 Rc7 16. Rdd1 Rfc8 17. Nbd2 Na5 18. b3 {} 18... d5 19. Ne5 dxc4
20. bxc4 Kf8 21. e3 Nxc4 22. Ndxc4 Bxc4 23. Nxc4 Rxc4 24. Rb1 Rc2 25. a4 Ra2
26. Ra1 Rcc2 27. Rxa2 Rxa2 28. Bc6 Ke7 29. h3 Rc2 30. Bf3 Nd7 31. Ra1 Rc5 32.
Be2 Ra5 33. Bb5 Nc5 34. Bc6 Kd6 35. Be8 f6 36. Rd1+ Ke7 37. Bc6 Nxa4 38. Rd7+
Kf8 39. Rd8+ Kf7 40. Rd7+ Kg6 41. Be4+ f5 42. Bc6 Nc5 43. Rc7 Kh6 44. f4 Ra3
45. g4 fxg4 46. hxg4 g5 47. f5 Rxe3 48. Kf2 Re5 49. f6 Ne4+ 0-1

[Event "AUT9798"]
[Site "Klagenfurt"]
[Date "1997.??.??"]
[Round "?"]
[White "Genser, H."]
[Black "Pils, W."]
[Result "1/2-1/2"]
[WhiteElo "2340"]
[BlackElo "2145"]
[PlyCount "37"]
[EventDate "1997.10.12"]

1. e4 c5 2. Nf3 Nc6 3. d4 cxd4 4. Nxd4 e5 5. Nb5 d6 6. c4 Be7 7. N1c3 a6 8. Na3
Nf6 9. Nc2 O-O 10. Be2 Be6 11. O-O Rc8 12. b3 Kh8 13. Bb2 Rb8 14. Qd3 Ne8 15.
Nd5 Bg5 16. Nce3 Ne7 17. Nxe7 Qxe7 18. Nd5 Qd8 19. f4 1/2-1/2

[Event "AUT9798"]
[Site "Klagenfurt"]
[Date "1997.??.??"]
[Round "?"]
[White "Blatny, P."]
[Black "Popovic, P."]
[Result "1/2-1/2"]
[WhiteElo "2555"]
[BlackElo "2545"]
[PlyCount "81"]
[EventDate "1997.10.12"]

1. Nf3 Nf6 2. b3 d6 3. d4 Bg4 4. e3 e6 5. Be2 Be7 6. O-O O-O 7. Bb2 c5 8. dxc5
dxc5 9. Ne5 Bxe2 10. Qxe2 Nbd7 11. Rd1 Qc7 12. Nxd7 Nxd7 13. Nc3 Nf6 14. e4 a6
15. e5 Nd7 16. f4 c4 17. Ne4 Nb6 18. Qg4 Rfd8 19. Rf1 Nd5 20. Rae1 Qb6+ 21. Rf2
Bc5 22. Nxc5 Qxc5 23. f5 Ne3 24. Qf3 Nxc2 25. Ref1 Nd4 26. Bxd4 Qxd4 27. bxc4
Rd7 28. f6 Qxe5 29. fxg7 Rad8 30. h3 Qxg7 31. Qh5 f5 32. Re1 Qf6 33. Qe2 Rd6
34. g4 Kh8 35. c5 Rc6 36. gxf5 exf5 37. Qe5 Qxe5 38. Rxe5 Rf8 39. Rexf5 Rxf5
40. Rxf5 Kg7 41. Rd5 1/2-1/2

[Event "AUT9798"]
[Site "Klagenfurt"]
[Date "1997.??.??"]
[Round "?"]
[White "Herzog, A."]
[Black "Penz, H."]
[Result "1/2-1/2"]
[WhiteElo "2420"]
[BlackElo "2390"]
[PlyCount "119"]
[EventDate "1997.10.12"]

1. Nc3 Nf6 2. g3 d5 3. Bg2 g6 4. d3 Bg7 5. Nf3 O-O 6. O-O c6 7. h3 Nbd7 8. e4
dxe4 9. dxe4 Nb6 10. Qe2 Be6 11. Rd1 Qc8 12. Kh2 Rd8 13. Bf4 Nc4 14. Rxd8+ Qxd8
15. Ng5 Qc8 16. b3 Nb6 17. Rd1 h6 18. Nf3 Kh7 19. a4 Nbd7 20. Nd4 Nf8 21. Bc1
Qe8 22. Nxe6 Nxe6 23. e5 Nd7 24. f4 Rd8 25. Be3 a6 26. Ne4 Ndf8 27. Nc5 Nxc5
28. Bxc5 Rd7 29. b4 Qd8 30. Rxd7 Qxd7 31. c4 Ne6 32. Bf2 Nc7 33. Be4 Kg8 34.
Kg2 e6 35. Qe3 Bf8 36. Qb6 Ne8 37. b5 axb5 38. axb5 cxb5 39. cxb5 Ng7 40. Qxb7
Qd2 41. Qc8 Qe2 42. Qc6 {} 42... Bc5 43. Qxc5 Qxe4+ 44. Kh2 Nf5 45. b6 h5 46.
Qc1 h4 47. g4 Qf3 48. Qe1 Ne7 49. Qe3 Qc6 50. Qb3 Qb7 51. Qa4 Kg7 52. f5 Qf3
53. Qd4 Nd5 54. Bxh4 Nf4 55. Qf2 Qxh3+ 56. Kg1 Qxg4+ 57. Kh2 Qh3+ 58. Kg1 Qg4+
59. Kh2 Qh3+ 60. Kg1 1/2-1/2

[Event "AUT9798"]
[Site "Klagenfurt"]
[Date "1997.??.??"]
[Round "?"]
[White "Dueckstein, A."]
[Black "Mahdy, K."]
[Result "1/2-1/2"]
[WhiteElo "2330"]
[BlackElo "2400"]
[PlyCount "61"]
[EventDate "1997.10.12"]

1. e4 e5 2. Nf3 Nc6 3. Bc4 Nf6 4. d4 exd4 5. e5 Ne4 6. O-O d5 7. Bb5 Be7 8.
Nxd4 Bd7 9. Bxc6 bxc6 10. f3 Nc5 11. Be3 O-O 12. Nd2 f6 13. exf6 Rxf6 14. c4
Rf7 15. Qc2 Ne6 16. N2b3 Nxd4 17. Bxd4 Bd6 18. Rad1 Bf5 19. Qc3 Qh4 20. f4 Bxf4
21. g3 Qg4 22. cxd5 cxd5 23. Be5 Bg5 24. Rde1 Rd8 25. Nc5 Qc4 26. Qxc4 dxc4 27.
Bc3 h5 28. h4 Bh6 29. Ne4 Bg4 30. Rxf7 Kxf7 31. Ng5+ 1/2-1/2

[Event "AUT9798"]
[Site "Klagenfurt"]
[Date "1997.??.??"]
[Round "?"]
[White "Zoebisch, H."]
[Black "Sommerbauer, N."]
[Result "0-1"]
[WhiteElo "2255"]
[BlackElo "2395"]
[PlyCount "92"]
[EventDate "1997.10.12"]

1. d4 d5 2. c4 e6 3. Nc3 c6 4. Nf3 dxc4 5. a4 Bb4 6. e3 b5 7. Bd2 a5 8. axb5
Bxc3 9. Bxc3 cxb5 10. b3 Bb7 11. d5 Nf6 12. bxc4 b4 13. Bxf6 Qxf6 14. Qa4+ Nd7
15. Nd4 e5 16. Nb3 Ke7 17. Be2 Qd6 18. f4 exf4 19. O-O Rhe8 20. Rxf4 Kf8 21.
Raf1 f6 22. Nd4 Nc5 23. Qc2 Kg8 24. Bg4 Qe5 25. Be6+ Nxe6 26. Nxe6 Qxe3+ 27.
Kh1 {} 27... Rxe6 28. dxe6 Qxe6 29. Rh4 g6 30. Rhf4 f5 31. c5 b3 32. Qc3 a4
33. Re1 Be4 34. Rexe4 fxe4 35. Rf6 Rf8 36. Rxf8+ Kxf8 37. c6 b2 38. Qxb2 Qxc6
39. Qh8+ Kf7 40. Qxh7+ Kf6 41. Qh8+ Ke6 42. Qg8+ Ke5 43. h3 e3 44. Qg7+ Ke4 45.
Qf7 Kd3 46. Qa2 e2 0-1

[Event "AUT9798"]
[Site "Klagenfurt"]
[Date "1997.??.??"]
[Round "?"]
[White "Schweda, R."]
[Black "Ploner, F."]
[Result "1-0"]
[WhiteElo "2370"]
[BlackElo "2275"]
[PlyCount "91"]
[EventDate "1997.10.12"]

1. d4 d5 2. c4 e6 3. Nc3 Nf6 4. cxd5 exd5 5. Bg5 Be7 6. e3 O-O 7. Bd3 c6 8. Qc2
h6 9. Bh4 Nbd7 10. Nf3 Re8 11. O-O Ne4 12. Bxe7 Qxe7 13. Bxe4 dxe4 14. Nd2 Nf6
15. Rab1 c5 16. dxc5 Qxc5 17. Rbc1 b6 18. Rfe1 Bd7 19. Nf1 Rac8 20. Ng3 Qe5 21.
Red1 Bb5 22. Rd4 Bd3 23. Qd2 h5 24. f3 {} 24... exf3 25. Rxd3 h4 26. Nf1 Rxc3
27. Qxc3 f2+ 28. Kh1 Qf5 29. e4 Nxe4 30. Qc6 Re6 31. Qc8+ Kh7 32. Rf3 Ng3+ 33.
Rxg3 hxg3 34. Qc3 gxh2 35. Qc2 g6 36. Qxf5 gxf5 37. Rc2 Kg6 38. Kxh2 Kg5 39.
Kg3 f4+ 40. Kxf2 Re5 41. Rc7 Rb5 42. b3 Ra5 43. a4 f5 44. Nh2 Rd5 45. Nf3+ Kf6
46. Rxa7 1-0

[Event "AUT9798"]
[Site "Klagenfurt"]
[Date "1997.??.??"]
[Round "?"]
[White "Herzog, A."]
[Black "Herndl, H."]
[Result "1/2-1/2"]
[WhiteElo "2420"]
[BlackElo "2365"]
[PlyCount "134"]
[EventDate "1997.10.12"]

1. e3 d5 2. c4 c6 3. Nf3 Nf6 4. b3 Bg4 5. Qc2 Nbd7 6. Bb2 e6 7. Be2 Bd6 8. d3
O-O 9. Nbd2 Qe7 10. h3 Bxf3 11. Bxf3 Ba3 12. Bxa3 Qxa3 13. O-O Rfd8 14. d4 Nf8
15. Rfb1 Qd6 16. c5 Qe7 17. b4 a6 18. a4 e5 19. Nb3 e4 20. Be2 Ng6 21. b5 axb5
22. axb5 Qd7 23. Na5 h5 24. Qc3 Rac8 25. Ra3 Nh4 26. bxc6 bxc6 27. Nb7 Rf8 28.
Nd6 Rc7 29. Qa5 g5 30. Rab3 Ra7 31. Qe1 Qe6 32. Bd1 Ra2 33. R3b2 Rfa8 34. Qb4
g4 35. hxg4 hxg4 36. Qb7 Kg7 37. Rxa2 Rxa2 38. Rb2 Ra1 39. Rb1 Ra2 40. g3 Nf3+
41. Kg2 Ne8 42. Qxc6 Nxd6 43. Qxd6 Qf5 44. Qf4 Qh5 45. Bxf3 gxf3+ 46. Kg1 Rxf2
{} 47. Qh4 Rg2+ 48. Kf1 Qxh4 49. gxh4 f5 50. Rb7+ Kg6 51. Rb6+ Kh5 52. Rf6 Kg4
53. h5 Rh2 54. c6 f4 55. Rxf4+ Kg3 56. Ke1 Rc2 57. h6 Rxc6 58. h7 Rh6 59. Rf7
Rh1+ 60. Kd2 Rh2+ 61. Ke1 Rh1+ 62. Kd2 Kg4 63. Rd7 Kf5 64. Rxd5+ Kg6 65. Rd7
Rxh7 66. Rxh7 Kxh7 67. Ke1 Kg6 1/2-1/2

[Event "AUT9798"]
[Site "Klagenfurt"]
[Date "1997.??.??"]
[Round "?"]
[White "Fahrner, K."]
[Black "Mahdy, K."]
[Result "1/2-1/2"]
[WhiteElo "2325"]
[BlackElo "2400"]
[PlyCount "127"]
[EventDate "1997.10.12"]

1. f4 d6 2. Nf3 g6 3. e4 Bg7 4. Nc3 Nf6 5. g3 O-O 6. Bg2 c5 7. O-O Nc6 8. d3
Ne8 9. Be3 Nd4 10. Qd2 Nc7 11. Rae1 Rb8 12. Nh4 e6 13. Nd1 f5 14. c3 Nc6 15. a3
Qd7 16. exf5 gxf5 17. d4 cxd4 18. cxd4 b6 19. Nc3 Ne7 20. d5 Nexd5 21. Nxd5
Nxd5 22. Bxd5 exd5 23. Qxd5+ Rf7 24. Rd1 Bb7 25. Qxd6 Qxd6 26. Rxd6 Bxb2 27.
Bc1 Bg7 28. Rfd1 Be4 29. Kf2 Rc7 30. Nf3 Rc2+ 31. Bd2 Bf8 32. Rd7 {} 32... Bc6
33. Rd3 Bc5+ 34. Ke1 Be4 35. Rb3 Ra2 36. Rc3 Bxf3 37. Rxf3 Re8+ 38. Kf1 Rd8 39.
Ke2 Bxa3 40. Rd3 Rxd3 41. Kxd3 Kf7 42. Kc4 Be7 43. Bc3 Ke6 44. Re1+ Kd7 45. Re5
Rxh2 46. Rxf5 Rh6 47. g4 a6 48. Kd5 Rd6+ 49. Ke4 Rg6 50. Rf7 Ke6 51. Rxh7 Rxg4
52. Rh6+ Kf7 53. Rxb6 Rg6 54. Rb7 Rc6 55. Bd4 Ke8 56. Kd5 Rd6+ 57. Ke5 Rh6 58.
Ra7 Bf6+ 59. Kd5 Bxd4 60. Kxd4 Re6 61. Kd5 Re1 62. Rxa6 Kf7 63. Rb6 Re2 64. Ra6
1/2-1/2

[Event "AUT9798"]
[Site "Klagenfurt"]
[Date "1997.??.??"]
[Round "?"]
[White "Sommerbauer, N."]
[Black "Ebner, H."]
[Result "1-0"]
[WhiteElo "2395"]
[BlackElo "2295"]
[PlyCount "83"]
[EventDate "1997.10.12"]

1. Nf3 c5 2. c4 g6 3. d4 cxd4 4. Nxd4 Bg7 5. e4 Nc6 6. Be3 Nf6 7. Nc3 O-O 8.
Be2 d6 9. O-O Bd7 10. Qd2 Nxd4 11. Bxd4 Bc6 12. f3 a5 13. b3 Nd7 14. Be3 Nc5
15. Rab1 Qb6 16. Nb5 Rfc8 17. a3 Qd8 18. Nd4 Bd7 19. Rfd1 Qf8 20. Bf1 h5 21. b4
axb4 22. axb4 Ne6 23. Nb3 Ra3 24. Qc1 Ra2 25. Rd2 Rxd2 26. Qxd2 Qd8 27. Qf2 Ra8
28. Bb6 Qb8 29. Na5 Ra6 30. Kh1 Bc8 31. Rd1 Kh7 32. c5 Ra8 33. cxd6 exd6 34. f4
d5 35. exd5 Nxf4 36. d6 Bg4 37. d7 Bxd1 38. d8=Q Qxd8 39. Bxd8 Be5 40. Bg5 Ne6
41. Qxf7+ Ng7 42. Bd3 1-0

[Event "AUT9798"]
[Site "Klagenfurt"]
[Date "1997.??.??"]
[Round "?"]
[White "Higatsberger, M."]
[Black "Spindelboeck, G."]
[Result "0-1"]
[WhiteElo "2190"]
[BlackElo "2200"]
[PlyCount "76"]
[EventDate "1997.10.12"]

1. e4 e6 2. d4 d5 3. exd5 exd5 4. Nf3 Bd6 5. c4 c6 6. Nc3 Ne7 7. Bd3 Nd7 8. O-O
dxc4 9. Bxc4 Nb6 10. Bd3 Bg4 11. Re1 Qd7 12. a4 O-O 13. Ne4 Nf5 14. Ne5 Bxe5
15. Qxg4 Nxd4 16. Qxd7 Nxd7 17. Be3 Rad8 18. f4 Bf6 19. Rad1 c5 20. b4 b6 21.
bxc5 bxc5 22. Bb5 Rfe8 23. Nxf6+ gxf6 24. Bf2 Rxe1+ 25. Bxe1 Nb6 26. Rc1 Nxa4
27. Bf1 Rd7 28. Rc4 Nb6 29. Rxc5 Nd5 30. Bf2 Nxf4 31. Ra5 Nfe6 32. Bc4 Rc7 33.
Bxd4 Nxd4 34. Bd3 Kg7 35. Kf2 Re7 36. Ra4 Rd7 37. Ke3 Ne6 38. Rg4+ Kh8 0-1